| 000 | 00377nam a2200145 a 4500 | ||
|---|---|---|---|
| 005 | 20140412111432.0 | ||
| 008 | 131010s19uu xx 00 eng d | ||
| 020 | _a97818489866343 | ||
| 050 |
_aM 623.8 _bRes311 2012 |
||
| 245 | _aRescu vehicles. | ||
| 260 |
_aNew York : _bScholastic, Inc, _cc2012. |
||
| 300 | _ap32 | ||
| 650 |
_aVehicles- _xtransportation |
||
| 999 |
_c106398 _d106398 |
||